|
|
|
|
| LEADER |
01464nam a2200385Ia 4500 |
| 001 |
EBC1133036 |
| 003 |
MiAaPQ |
| 005 |
20200520144314.0 |
| 006 |
m o d | |
| 007 |
cr cn||||||||| |
| 008 |
130207s2013 enka sb 001 0 eng d |
| 010 |
|
|
|z 2013376553
|
| 020 |
|
|
|z 9781443841849 (hbk.)
|
| 020 |
|
|
|z 1443841846 (hbk.)
|
| 020 |
|
|
|z 9781443846394
|
| 035 |
|
|
|a (MiAaPQ)EBC1133036
|
| 035 |
|
|
|a (Au-PeEL)EBL1133036
|
| 035 |
|
|
|a (CaPaEBR)ebr10676953
|
| 035 |
|
|
|a (CaONFJC)MIL495848
|
| 035 |
|
|
|a (OCoLC)830168442
|
| 040 |
|
|
|a MiAaPQ
|c MiAaPQ
|d MiAaPQ
|
| 050 |
|
4 |
|a HC800
|b .A349 2013
|
| 245 |
0 |
0 |
|a Africa yesterday, today and tomorrow
|h [electronic resource] :
|b exploring the multi-dimensional discourses on 'development' /
|c edited by Nathan Andrews ... [et al.].
|
| 260 |
|
|
|a Newcastle upon Tyne :
|b Cambridge Scholars Pub.,
|c 2013.
|
| 300 |
|
|
|a xiv, 330 p. :
|b ill.
|
| 504 |
|
|
|a Includes bibliographical references and index.
|
| 533 |
|
|
|a Electronic reproduction. Ann Arbor, MI : ProQuest, 2015. Available via World Wide Web. Access may be limited to ProQuest affiliated libraries.
|
| 650 |
|
0 |
|a Economic development
|z Africa.
|
| 650 |
|
0 |
|a Progress.
|
| 651 |
|
0 |
|a Africa
|x Economic conditions.
|
| 651 |
|
0 |
|a Africa
|x Social conditions.
|
| 655 |
|
4 |
|a Electronic books.
|
| 700 |
1 |
|
|a Andrews, Nathan.
|
| 710 |
2 |
|
|a ProQuest (Firm)
|
| 856 |
4 |
0 |
|u https://ebookcentral.proquest.com/lib/matrademy/detail.action?docID=1133036
|z Click to View
|